| 000 | 01157cam a2200325 a 4500 | ||
|---|---|---|---|
| 001 | 2858 | ||
| 003 | FISKH | ||
| 005 | 20240118082227.0 | ||
| 008 | 050914s2006 nyu d 000 1 eng d | ||
| 010 | _a 2005933890 | ||
| 020 | _a0689865406 | ||
| 020 | _a9780689865404 | ||
| 020 | _a9780439025669 | ||
| 035 | _a(OCoLC)ocm68043561 | ||
| 040 |
_aJVJ _cJVJ _dBAKER _dOCLCQ _dXY4 _dVP@ _dXY4 _dDLC _beng |
||
| 042 |
_alcac _alccopycat |
||
| 050 | 0 | 0 |
_aPZ7.W5197 _bSp 2007 |
| 082 | 0 | 0 |
_a[Fic] _222 |
| 100 | 1 | _aWesterfeld, Scott. | |
| 245 | 1 | 0 |
_aSpecials / _cScott Westerfeld. |
| 250 | _aFirst Scholastic printing, September 2007 | ||
| 260 |
_aNew York : _bScholastic, _c2006 |
||
| 300 |
_a372 pages : _c20 cm |
||
| 520 | _aAfter being captured and surgically transformed into a "special," teenaged Tally Youngblood, now a government agent programmed to protect society from outside threats, is ordered to eliminate the rebel colony New Smoke, Tally's former home. | ||
| 650 | 1 |
_aBeauty, Personal _vFiction. |
|
| 650 | 1 |
_aBrainwashing _vFiction. |
|
| 650 | 1 | _aScience fiction. | |
| 906 |
_a7 _bcbc _corignew _d2 _eepcn _f20 _gy-gencatlg |
||
| 942 |
_2ddc _cBK _n0 |
||
| 999 |
_c2858 _d2858 |
||